Konštručná úprava ložiska pre zlepšenie odvodu tepla pri jeho zahrievaní

Na minha lista:
Detalhes bibliográficos
Autor principal: Caltík, Miroslav (Author)
Outros Autores: Milesich, Tomáš (Thesis advisor)
Formato: Manuscrito Livro
Idioma:eslovaco
Publicado em: 2018
Assuntos:
Acesso em linha:http://is.stuba.sk/zp/portal_zp.pl?podrobnosti=137748
Tags: Adicionar Tag
Sem tags, seja o primeiro a adicionar uma tag!

MARC

LEADER 00000ntm a22000003a 4500
001 stuzp69366
003 SK-STU
005 20180820161332.2
007 ta
008 150427s2015----xo-----f-mn---000-0-slo-d
040 |a STU  |b slo 
041 0 |a slo 
100 1 |a Caltík, Miroslav  |u 020030  |4 aut  |U SjF Strojnícka fakulta  |T SjF Ústav dopravnej techniky a konštruovania  |X 73228  |U J0030  |Y 806  |7 73228 
242 0 1 |a Design of the bearing to improve heat dissipation during heating  |y eng 
245 1 0 |a Konštručná úprava ložiska pre zlepšenie odvodu tepla pri jeho zahrievaní 
260 |c 2018 
650 4 |a ložisko  |2 slo 
650 4 |a prestup tepla  |2 slo 
650 4 |a spojka  |2 slo 
650 4 |a heat transfer  |2 eng 
650 4 |a bearing  |2 eng 
650 4 |a clutch  |2 eng 
700 1 |a Milesich, Tomáš  |u 020030  |k Z2  |4 ths  |U SjF Strojnícka fakulta  |T SjF Ústav dopravnej techniky a konštruovania  |X 49630  |U J0030  |Y 806  |7 A000049630 
856 4 |u http://is.stuba.sk/zp/portal_zp.pl?podrobnosti=137748 
996 |b 284J045570  |c J* 2920/DDP  |l JJSK  |s A  |a 24  |w stuzp69366_0001